[Event "Cearense-ch 69th"]
[Site "Fortaleza"]
[Date "2000.10.15"]
[Round "8"]
[White "Ramon, Samuel"]
[Black "Alves, Samuel"]
[Result "1-0"]
[WhiteElo "1800"]
[BlackElo "1800"]
[PlyCount "73"]
[EventDate "2000.??.??"]
[EventType "swiss"]
[EventRounds "9"]
[EventCountry "BRA"]
[SourceTitle "EXT 2003"]
[Source "ChessBase"]
[SourceDate "2002.11.25"]
[SourceVersion "1"]
[SourceVersionDate "2002.11.25"]
[SourceQuality "1"]

1. d4 d5 2. c4 c6 3. cxd5 cxd5 4. Nc3 Nf6 5. Nf3 Nbd7 6. Bg5 Qb6 7. Na4 Qb4+ 8. Nc3 Qxb2 9. Rc1 e6 10. Rc2 Qa3 11. Bd2 Bb4 12. Nb5 0-0 13. Nxa3 Bxa3 14. Ne5 Nxe5 15. dxe5 Ne4 16. Bf4 Bd7 17. f3 Bb4+ 18. Bd2 Bxd2+ 19. Rxd2 Nxd2 20. Qxd2 Ba4 21. e3 Rfc8 22. Bd3 Rc5 23. Kf2 Rac8 24. Kg3 Bc2 25. Bxc2 Rxc2 26. Qa5 R2c3 27. Qxa7 h6 28. Rb1 Rf8 29. Rxb7 Rcc8 30. Qb6 h5 31. a4 Kh8 32. a5 f5 33. f4 g5 34. Qa7 h4+ 35. Kf2 Rc2+ 36. Ke1 Rc1+ 37. Kd2 1-0